|
|
|
|
| LEADER |
01287nam a22002537a 4500 |
| 001 |
35560 |
| 003 |
BD-DhAAL |
| 008 |
211026t2005 bg a|||| |||| 00| 0 ben d |
| 040 |
|
|
|a BD-DhAAL
|
| 041 |
|
|
|a ben
|
| 082 |
|
|
|a 510
|2 23
|
| 100 |
|
|
|a বন্দ্যোপাধ্যায়, সুব্রত
|9 42204
|
| 245 |
|
|
|a গণিত শিক্ষণ পদ্ধতি /
|c সুব্রত বন্দ্যোপাধ্যায়
|
| 250 |
|
|
|a নূতন সংস্করণ
|
| 260 |
|
|
|a কলকাতা :
|b রীতা বুক এজেন্সি,
|c ২০০৫
|
| 300 |
|
|
|a ২৫৬ পৃষ্ঠা :
|b চিত্র ;
|c ২২ সে.মি.
|
| 500 |
|
|
|a কলকাতা বিশ্ববিদ্যালয় প্রবর্তিত নূতন পাঠক্রম (২০০৪) অনুযায়ী লিখিত।
|
| 526 |
|
|
|a BIED
|
| 541 |
|
|
|a Complimentary copy from BIED
|e 35560
|
| 650 |
|
|
|a Mathematics.
|9 42205
|
| 852 |
|
|
|a Ayesha Abed Library
|c BIED Collection
|
| 942 |
|
|
|2 ddc
|c BK
|
| 999 |
|
|
|c 43266
|d 43266
|
| 952 |
|
|
|0 0
|1 0
|2 ddc
|4 0
|6 510_000000000000000_BAN
|7 0
|9 69414
|a BRACUL
|b BRACUL
|c GEN
|d 2021-10-26
|e Complimentary copy from BIED
|l 0
|o 510 BAN
|p 3010035560
|r 2021-10-26
|t 1
|w 2021-10-26
|y BK
|x Transferred from BIED to General Stacks
|